| 000 -LEADER |
| fixed length control field |
00536pab a2200193 454500 |
| 008 - FIXED-LENGTH DATA ELEMENTS--GENERAL INFORMATION |
| fixed length control field |
180718b2004 xxu||||| |||| 00| 0 eng d |
| 100 ## - MAIN ENTRY--PERSONAL NAME |
| Personal name |
Dubey, Amaresh |
| 245 ## - TITLE STATEMENT |
| Title |
Workforce participation of women in rural India: the role of education |
| 260 ## - PUBLICATION, DISTRIBUTION, ETC. |
| Date of publication, distribution, etc. |
2004 |
| 300 ## - PHYSICAL DESCRIPTION |
| Extent |
p.749-60. |
| 362 ## - DATES OF PUBLICATION AND/OR SEQUENTIAL DESIGNATION |
| Dates of publication and/or sequential designation |
Oct-Dec |
| 650 ## - SUBJECT ADDED ENTRY--TOPICAL TERM |
| Topical term or geographic name entry element |
Education - India |
| 650 ## - SUBJECT ADDED ENTRY--TOPICAL TERM |
| Topical term or geographic name entry element |
Women workers - India |
| 650 ## - SUBJECT ADDED ENTRY--TOPICAL TERM |
| Topical term or geographic name entry element |
Women workers |
| 700 ## - ADDED ENTRY--PERSONAL NAME |
| Personal name |
Thomas, Eugene D. |
| 700 ## - ADDED ENTRY--PERSONAL NAME |
| Personal name |
Pala, Veronica |
| 773 ## - HOST ITEM ENTRY |
| Main entry heading |
Indian Journal of Labour Economics |
| 909 ## - |
| -- |
63924 |